Statistics for Ultimate 80s/90s movie quiz

Click here to take the quiz!

General Stats

  • This quiz has been taken 61 times
  • The average score is 3 of 10

Answer Stats

HintAnswer% Correct
"I love you, I know"The Empire Strikes Back
66%
" Do you like apples? What? Do you like apples? Well I got her number how do you like them apples."Good Will hunting
54%
"Darth Vader came to me from the planet Vulcan"Back To The Future
48%
"Does Barry Manilow know you raided his wardrobe"The Breakfast Club
36%
"Monkey brains, though popular in Cantonese cuisine, is a bit harder to find in Washington DCClue
18%
" What killed the dinosaurs? The Ice Age."Batman and Robin
16%
" Put the bunny back in the box"Con Air
16%
"Maybe she will invite us in for tea and strumpets"Dumb and Dumber
10%
"How do you know a Frenchman has been at your house? Your trash had been eaten and your dog is pregnant."Stand By Me
8%
"Mom if you were in a German schiza video you would tell me right? Sure hon."South Park the Movie
6%

Score Distribution

Percentile by Number Answered

Percent of People with Each Score

Your Score History

You have not taken this quiz